| 000 | 00426nam a22001337a 4500 | ||
|---|---|---|---|
| 082 |
_a363.56091724 _bMAL _cD |
||
| 100 |
_aBall, Gwendolyn, Malpezzi, Stephen., _938082 |
||
| 245 |
_aRent control in developing countries _cStephen Malpezzi Gwendolyn Ball. |
||
| 260 |
_aWashington : _bThe World bank _cc1991. |
||
| 300 |
_axiv, 84 p. : _bill |
||
| 526 |
_a0 _b0 _c0 _d363_560917240000000_MAL |
||
| 650 |
_aD _96527 |
||
| 942 |
_2ddc _cBK |
||
| 999 |
_c542758 _d542758 |
||